Quantitative Information Fusion for Hydrological Sciences / (Record no. 31953)

000 -LEADER
fixed length control field 02402cam a22004097a 4500
001 - CONTROL NUMBER
control field 7872413
003 - CONTROL NUMBER IDENTIFIER
control field OSt
005 - DATE AND TIME OF LATEST TRANSACTION
control field 20210923113418.0
006 - FIXED-LENGTH DATA ELEMENTS--ADDITIONAL MATERIAL CHARACTERISTICS
fixed length control field m d
007 - PHYSICAL DESCRIPTION FIXED FIELD--GENERAL INFORMATION
fixed length control field cr n
008 - FIXED-LENGTH DATA ELEMENTS--GENERAL INFORMATION
fixed length control field 070912s2008 gw a sb 000 0 eng d
015 ## - NATIONAL BIBLIOGRAPHY NUMBER
National bibliography number GBA780092
Source bnb
016 7# - NATIONAL BIBLIOGRAPHIC AGENCY CONTROL NUMBER
Record control number 014052474
Source Uk
020 ## - INTERNATIONAL STANDARD BOOK NUMBER
International Standard Book Number 9783540753834 (cased)
035 ## - SYSTEM CONTROL NUMBER
System control number (WaSeSS)ssj0000319685
038 ## - RECORD CONTENT LICENSOR
Staff Name khadija
040 ## - CATALOGING SOURCE
Original cataloging agency UKM
Transcribing agency UKM
Modifying agency BTCTA
-- BAKER
-- YDXCP
-- SDB
-- ORE
-- AGL
-- DLC
-- WaSeSS
042 ## - AUTHENTICATION CODE
Authentication code ukblcatcopy
-- lccopycat
050 #4 - LIBRARY OF CONGRESS CALL NUMBER
Classification number GB656.2.E43
Item number Q36 2008
070 0# - NATIONAL AGRICULTURAL LIBRARY CALL NUMBER
Classification number GB656.2.E43
Item number Q36 2008
082 04 - DEWEY DECIMAL CLASSIFICATION NUMBER
Classification number 551.480285
Edition number 22
Author Mark QUA
210 10 - ABBREVIATED TITLE
Abbreviated title Quantitative information fusion for hydrological sciences
245 00 - TITLE STATEMENT
Title Quantitative Information Fusion for Hydrological Sciences /
Statement of responsibility, etc. Xing Cai, T.-C. Jim Yeh (eds.).
260 ## - PUBLICATION, DISTRIBUTION, ETC.
Place of publication, distribution, etc. Berlin :
Name of publisher, distributor, etc. Springer,
Date of publication, distribution, etc. c2008.
440 #0 - SERIES STATEMENT/ADDED ENTRY--TITLE
Title Studies in computational intelligence ;
Volume/sequential designation v. 79
9 (RLIN) 81268
504 ## - BIBLIOGRAPHY, ETC. NOTE
Bibliography, etc. note Includes bibliographical references.
505 00 - FORMATTED CONTENTS NOTE
Title Data fusion methods for integrating data-driven hydrological models /
Statement of responsibility Linda See --
Miscellaneous information A
Title new paradigm for groundwater modeling /
Statement of responsibility Shu-Guang Li, Qun Liu --
Title Information fusion using the Kalman filter based on Karhunen-Loève decomposition /
Statement of responsibility Zhiming Lu, Dongxiao Zhang, Yan Chen --
Title Trajectory-based methods for modeling and characterization /
Statement of responsibility D. W. Vasco --
Miscellaneous information The
Title role of streamline models for dynamic data assimilation in petroleum engineering and hydrogeology /
Statement of responsibility Akhil Datta-Gupta ... [et al.] --
Title Information fusion in regularized inversion of tomographic pumping tests /
Statement of responsibility Geoffrey C. Bohling --
Title Advancing the use of satellite rainfall datasets for flood prediction in ungauged basins: the role of scale, hydrologic process controls and the Global Precipitation Measurement mission /
Statement of responsibility Faisal Hossain, Nitin Katiyar --
Title Integrated methods for urban groundwater management considering subsurface heterogeneity /
Statement of responsibility Jannis Epting ... [et al.].
506 ## - RESTRICTIONS ON ACCESS NOTE
Terms governing access License restrictions may limit access.
563 ## - BINDING INFORMATION
Binding note hardcover
650 #0 - SUBJECT ADDED ENTRY--TOPICAL TERM
Topical term or geographic name entry element Hydrology
General subdivision Data processing.
9 (RLIN) 82650
700 1# - ADDED ENTRY--PERSONAL NAME
Personal name Cai, Xing.
9 (RLIN) 82651
700 1# - ADDED ENTRY--PERSONAL NAME
Personal name Yeh, T. C.
Fuller form of name (T.-C. Jim)
9 (RLIN) 82652
773 #0 - HOST ITEM ENTRY
Title SpringerLink ebooks - Engineering (2008)
856 40 - ELECTRONIC LOCATION AND ACCESS
Uniform Resource Identifier <a href="http://www.columbia.edu/cgi-bin/cul/resolve?clio7872413">http://www.columbia.edu/cgi-bin/cul/resolve?clio7872413</a>
Public note Full text available from SpringerLink ebooks - Engineering (2008)
910 ## - USER-OPTION DATA (OCLC)
User-option data Library of Congress record
942 ## - ADDED ENTRY ELEMENTS (KOHA)
Source of classification or shelving scheme
Koha item type Book
Holdings
Withdrawn status Lost status Source of classification or shelving scheme Damaged status Not for loan Permanent Location Current Location Shelving location Date acquired Full call number Barcode Date last seen Price effective from Koha item type Public note
          School of Mechanical & Manufacturing Engineering (SMME) School of Mechanical & Manufacturing Engineering (SMME) General Stacks 07/14/2015 551.480285 QUA SMME-522 03/28/2018 07/14/2015 Book Rack,46-Shelf,1
© 2023 Central Library, National University of Sciences and Technology. All Rights Reserved.